Elementary statistics / (Record no. 3808)

MARC details
000 -LEADER
fixed length control field 01045cam a2200301 a 4500
001 - CONTROL NUMBER
control field 14323934
003 - CONTROL NUMBER IDENTIFIER
control field mut
005 - DATE AND TIME OF LATEST TRANSACTION
control field 20240606080922.0
008 - FIXED-LENGTH DATA ELEMENTS--GENERAL INFORMATION
fixed length control field 060331s2008 caua 001 0 eng
010 ## - LIBRARY OF CONGRESS CONTROL NUMBER
LC control number 2006043506
020 ## - INTERNATIONAL STANDARD BOOK NUMBER
International Standard Book Number 0321422090
020 ## - INTERNATIONAL STANDARD BOOK NUMBER
International Standard Book Number 9780321422095
035 ## - SYSTEM CONTROL NUMBER
System control number (OCoLC)ocm65538664
035 ## - SYSTEM CONTROL NUMBER
System control number (OCoLC)65538664
040 ## - CATALOGING SOURCE
Original cataloging agency DLC
Transcribing agency DLC
Modifying agency YDX
-- BAKER
-- BTCTA
-- YDXCP
-- DLC
050 00 - LIBRARY OF CONGRESS CALL NUMBER
Classification number QA276.12
Item number .W445 2008
082 00 - DEWEY DECIMAL CLASSIFICATION NUMBER
Classification number 519.5
Edition information 22
100 1# - MAIN ENTRY--PERSONAL NAME
Personal name Weiss, N. A.
Fuller form of name (Neil A.)
245 10 - TITLE STATEMENT
Title Elementary statistics /
250 ## - EDITION STATEMENT
Edition statement 7th ed.
260 ## - PUBLICATION, DISTRIBUTION, ETC.
Place of publication, distribution, etc. San Francisco :
Name of publisher, distributor, etc. Pearson Addison-Wesley,
Date of publication, distribution, etc. c2008.
300 ## - PHYSICAL DESCRIPTION
Extent 1 v. (various pagings) :
Other physical details col. ill. ;
Dimensions 27 cm. +
Accompanying material 1 CD-ROM (4 3/4 in.).
500 ## - GENERAL NOTE
General note Includes index.
650 #0 - SUBJECT ADDED ENTRY--TOPICAL TERM
Topical term or geographic name entry element Statistics.
906 ## - LOCAL DATA ELEMENT F, LDF (RLIN)
a 7
b cbc
c orignew
d 1
e ocip
f 20
g y-gencatlg
942 ## - ADDED ENTRY ELEMENTS (KOHA)
Source of classification or shelving scheme Library of Congress Classification
Koha item type Books
Holdings
Withdrawn status Lost status Source of classification or shelving scheme Damaged status Not for loan Home library Current library Date acquired Total checkouts Full call number Barcode Date last seen Date last checked out Price effective from Koha item type Shelving location Source of acquisition
    Library of Congress Classification     Murang'a University of Technology Library Murang'a University of Technology Library 13/01/2017 2 QA276.12 .W445 2008 003933 30/08/2024 28/11/2019 13/01/2017 Books    
    Library of Congress Classification     Murang'a University of Technology Library Murang'a University of Technology Library 12/07/2018   QA 276.12 .W445 2008 022953 30/08/2024   12/07/2018 Books General stacks Donation from-TFC